|
|
|
|
| LEADER |
01054nam a2200241 a 4500 |
| 001 |
3506982 |
| 008 |
121009s1996 nyua 001 0 eng d |
| 010 |
|
|
|a 95037686
|
| 020 |
|
|
|a 0387945873 (alk. paper)
|
| 040 |
|
|
|a DLC
|c DLC
|d DLC
|d BD-DhAAL
|
| 082 |
0 |
0 |
|a 519.5
|2 20
|
| 100 |
1 |
|
|a Mittelhammer, Ron.
|
| 245 |
1 |
0 |
|a Mathematical statistics for economics and business /
|c Ron C. Mittelhammer.
|
| 260 |
|
|
|a New York :
|b Springer,
|c c1996.
|
| 300 |
|
|
|a xviii, 723 p. :
|b ill. ;
|c 25 cm.
|
| 500 |
|
|
|a Includes index.
|
| 541 |
1 |
|
|e 00026130
|
| 650 |
|
0 |
|a Commercial statistics.
|
| 650 |
|
0 |
|a Mathematical statistics.
|
| 852 |
1 |
|
|a Ayesha Abed Library
|j General shelf
|
| 999 |
|
|
|c 12891
|d 12891
|
| 952 |
|
|
|0 0
|1 0
|2 ddc
|4 0
|6 519_500000000000000_MIT
|7 0
|9 21250
|a BRACUL
|b BRACUL
|c GEN
|d 2012-10-09
|e Karim International
|g 11000.00
|l 1
|o 519.5 MIT
|p 3010026130
|r 2016-05-15
|s 2016-05-11
|t 1
|w 2012-10-09
|y BK
|
| 952 |
|
|
|0 0
|1 0
|2 ddc
|4 0
|6 519_500000000000000_MIT
|7 0
|9 21251
|a BRACUL
|b BRACUL
|c GEN
|d 2012-10-09
|e Karim International
|g 11000.00
|l 0
|o 519.5 MIT
|p 3010026131
|r 2012-10-09
|t 2
|w 2012-10-09
|y BK
|